United States: colonial period
Guardat en:
| Autor principal: | |
|---|---|
| Format: | Llibre |
| Idioma: | anglès |
| Publicat: |
Ciudad de México
Instituto Panamericano de Geografía e Historia
1953
|
| Matèries: | |
| Etiquetes: |
Afegir etiqueta
Sense etiquetes, Sigues el primer a etiquetar aquest registre!
|
MARC
| LEADER | 00000nam a2200000 a 4500 | ||
|---|---|---|---|
| 001 | UCO1196 | ||
| 003 | CL-VaPUC | ||
| 008 | 000512e19530000MX |||||||||||||||||eng|d | ||
| 082 | 0 | 4 | |a 973.2 |b SAV |2 21 |
| 100 | 0 | |a Savelle, Max |e author |9 443084 | |
| 245 | 1 | 0 | |a United States: colonial period |
| 300 | |a 222 p | ||
| 942 | |c BK | ||
| 945 | |d 20000512 00:00:00 |a crobeson | ||
| 260 | |a Ciudad de México |b Instituto Panamericano de Geografía e Historia |c 1953 | ||
| 650 | 7 | |a HISTORIA ESTADOUNIDENSE |2 CL-VaPUC |9 350346 | |
| 650 | 7 | |a COLONIA |2 CL-VaPUC |9 443085 | |
| 650 | 7 | |a COLONIAS INGLESAS |2 CL-VaPUC |9 433674 | |
| 650 | 7 | |a REVOLUCION AMERICANA |2 CL-VaPUC |9 439168 | |
| 651 | 0 | |a Estados Unidos |9 255178 | |
| 583 | |a last modification |c 20000512 00:00:00 |k Rodrigo Vera | ||
| 999 | |c 287825 |d 287823 | ||
| 952 | |0 0 |1 0 |4 0 |6 973_200000000000000_SAV_1953 |7 0 |8 A |9 334883 |a BIBHIS |b BIBHIS |d 2019-11-20 |i 1274813 |o 973.2 SAV 1953 |p 1274813 |r 2025-01-20 |w 2019-11-20 |y BK |k HIS | ||
| 952 | |0 0 |1 0 |4 0 |6 973_200000000000000_SAV_1953 |7 0 |8 A |9 334884 |a BIBHIS |b BIBHIS |d 2019-11-20 |i 1274848 |o 973.2 SAV 1953 |p 1274848 |r 2025-01-20 |w 2019-11-20 |y BK |k HIS | ||
| 952 | |0 0 |1 0 |4 0 |6 973_200000000000000_SAV_1953 |7 0 |8 A |9 334885 |a BIBHIS |b BIBHIS |d 2019-11-20 |i 1274856 |o 973.2 SAV 1953 |p 1274856 |r 2025-01-20 |w 2019-11-20 |y BK |k HIS | ||